| 000 | 01347nam a2200337 c 4500 | ||
|---|---|---|---|
| 999 |
_c81630 _d81630 |
||
| 003 | BLK | ||
| 005 | 20220217160550.0 | ||
| 008 | 180408b bul|||||r ||||||| ||bul|| | ||
| 010 | _aKNG00086134000 | ||
| 020 | _a978-954-91216-5-5 | ||
| 040 | _aBLK | ||
| 041 |
_aBUL _cBUL _hRUS |
||
| 080 |
_aРуска литература _b821.161.1 _x-1 _z821.161.1-1 |
||
| 100 | 1 |
_aБойчук, Александър Григориевич _eпърви автор _941023 |
|
| 139 |
_aБойчук, Александър Григориевич _bБ 60 |
||
| 245 | 1 | 0 |
_aСърдечен компас _cАлександър Григориевич Бойчук; прев. от рус. Мила Лазарова. |
| 246 | 1 | 1 | _aСердечный компас |
| 257 | _aBGR | ||
| 260 |
_bGaiana Book Art Studio _c2008 _fРусе : Русе прес |
||
| 300 |
_a144 с. _c21 см |
||
| 380 | _aX | ||
| 500 | _aПарал. текст на рус. ез. - Съдържа и за авт. | ||
| 590 | _aф | ||
| 659 | _aК | ||
| 700 | 1 |
_aЛазарова, Мила _eпрев. от рус. _gЛазарова, Милка Кирилова _9364479 |
|
| 852 | _aЦб 241681 | ||
| 852 | _aК 821/Б 60 | ||
| 856 | 4 | _qpdf | |
| 856 | 4 | _qpdf | |
| 942 |
_cKNG _n0 _s1 |
||
| 944 |
_aCR _c31.10.2008 _kГеновева_Генчева |
||
| 944 |
_aED _c28.11.2008 |
||
| 999 | _d81630 | ||